Sejarah perkembangan astrologi India /
Saved in:
| Main Author: | |
|---|---|
| Format: | Thesis Book |
| Language: | Malay |
| Published: |
2012.
|
| Subjects: | |
| Tags: |
Add Tag
No Tags, Be the first to tag this record!
|
| LEADER | 00848cam a2200229 a 4500 | ||
|---|---|---|---|
| 001 | u856605 | ||
| 003 | SIRSI | ||
| 005 | 201205211601 | ||
| 008 | 120521s2012 my a t 000 0 may m | ||
| 040 | |a UMM | ||
| 090 | |a DS404 |b UM 2012 Pre | ||
| 100 | 0 | |a Premella Vijaihian. | |
| 245 | 1 | 0 | |a Sejarah perkembangan astrologi India / |c Premella a/p Vijaihian. |
| 260 | |c 2012. | ||
| 300 | |a [3] xi, 215 [22] leaves : |b ill. ; |c 30 cm. | ||
| 502 | |a Dissertation (M.A.) -- Jabatan Pengajian India, Fakulti Sastera dan Sains Sosial, Universiti Malaya, 2012. | ||
| 504 | |a Includes bibliographical references. | ||
| 596 | |a 1 | ||
| 650 | 0 | |a Indian astrology |x History. | |
| 710 | 2 | 0 | |a Universiti Malaya. |b Jabatan Pengajian India. |
| 900 | |a ZA | ||
| 999 | |a DS404 UM 2012 PRE |w LC |c 1 |i A515068229 |d 20/7/2022 |e 20/7/2022 |f 25/1/2013 |g 1 |l STACKS |m P01UTAMA |n 2 |r Y |s Y |t TESIS |u 23/1/2013 | ||
